|
|
|
|
| LEADER |
01287nam a2200361Ia 4500 |
| 001 |
EBC172027 |
| 003 |
MiAaPQ |
| 005 |
20200520144314.0 |
| 006 |
m o d | |
| 007 |
cr cn||||||||| |
| 008 |
921021s1993 enk sb 001 0 eng d |
| 020 |
|
|
|z 020320977X
|
| 020 |
|
|
|z 0750700912 (alk. paper) :
|
| 020 |
|
|
|z 0750700920 (pbk.) :
|
| 035 |
|
|
|a (MiAaPQ)EBC172027
|
| 035 |
|
|
|a (Au-PeEL)EBL172027
|
| 035 |
|
|
|a (CaPaEBR)ebr10060715
|
| 035 |
|
|
|a (CaONFJC)MIL10851
|
| 035 |
|
|
|a (OCoLC)475879614
|
| 040 |
|
|
|a MiAaPQ
|c MiAaPQ
|d MiAaPQ
|
| 050 |
|
4 |
|a HM141
|b .S823 1993
|
| 082 |
0 |
4 |
|a 303.3/4
|2 20
|
| 100 |
1 |
|
|a Starratt, Robert J.
|
| 245 |
1 |
4 |
|a The drama of leadership
|h [electronic resource] /
|c Robert J. Starratt ; foreword by James MacGregor Burns.
|
| 260 |
|
|
|a London ;
|a Washington, D.C. :
|b Falmer Press,
|c 1993.
|
| 300 |
|
|
|a xiii, 175 p.
|
| 504 |
|
|
|a Includes bibliographical references and index.
|
| 533 |
|
|
|a Electronic reproduction. Ann Arbor, MI : ProQuest, 2015. Available via World Wide Web. Access may be limited to ProQuest affiliated libraries.
|
| 650 |
|
0 |
|a Leadership.
|
| 650 |
|
0 |
|a Ability.
|
| 655 |
|
4 |
|a Electronic books.
|
| 710 |
2 |
|
|a ProQuest (Firm)
|
| 856 |
4 |
0 |
|u https://ebookcentral.proquest.com/lib/matrademy/detail.action?docID=172027
|z Click to View
|